000
002540000a22000970004500
100
1
_a
Maust, John
245
1
0
_a
When the mission comes home
300
_a
Vol. 74, Num. 2 (Enero-Febrero, 1994), Página 20
773
0
_t
Latin America Evangelist
942
_c
ANA
999
_c
54803
_d
54803